000
00311nam a22001337a 4500
008
210519b ||||| |||| 00| 0 eng d
041
_a
eng
080
_2
2nd
_a
311
082
_a
311
100
_a
55
101
_a
STA
245
_a
Foundations of the Theory of Probability
_c
A. N. Kolmogorov
942
_2
udc
_c
BK
999
_c
57524
_d
57524